000 00243nam a2200097Ia 4500
008 240331s9999 xx 000 0 und d
082 _bILL
100 _aIllangeeran, S
245 0 _aPeraasiriyar kailasapathy ninaivugalum karuthugalum
942 _cL
999 _c4273
_d4273